[Event "Noisiel op 9th"]
[Site "Noisiel"]
[Date "2024.04.07"]
[Round "2"]
[White "Khamrakulov, Ibragim S"]
[Black "Honkoop, Gilian"]
[Result "0-1"]
[WhiteElo "2421"]
[BlackElo "2206"]
[PlyCount "66"]
[EventDate "2024.04.06"]
[EventType "swiss"]
[EventRounds "9"]
[EventCountry "FRA"]
[SourceTitle "CB16_2024"]
[SourceDate "2024.04.17"]
[SourceVersion "1"]
[SourceVersionDate "2024.04.17"]
[SourceQuality "1"]

1. e4 e5 2. Nf3 Nc6 3. Bc4 Nf6 4. d3 Bc5 5. 0-0 d6 6. c3 a5 7. Be3 Bxe3 8. fxe3 0-0 9. Nbd2 Ne7 10. a4 c6 11. h3 Ng6 12. d4 Re8 13. Qb3 Qc7 14. Rf2 Rb8 15. Raf1 b5 16. axb5 cxb5 17. Bxb5 Bd7 18. c4 Bxb5 19. cxb5 Qb7 20. Ng5 h6 21. Nc4 hxg5 22. Nxd6 Qe7 23. Nxe8 Qxe8 24. b6 exd4 25. exd4 Qxe4 26. Qc4 Rxb6 27. Re2 Qb7 28. Rff2 Rb4 29. Qa2 Qa7 30. Kh2 Nf4 31. Rc2 Ne4 32. Rf1 Rxd4 33. g3 Nxg3 0-1

[Event "Catalunya-chT Gp2"]
[Site "Barcelona"]
[Date "2024.01.20"]
[Round "1.3"]
[White "Porras Mateo, Felipe"]
[Black "Khamrakulov, Ibragim S"]
[Result "1/2-1/2"]
[WhiteElo "2360"]
[BlackElo "2408"]
[PlyCount "52"]
[EventDate "2024.01.20"]
[EventType "team-tourn"]
[EventRounds "7"]
[EventCountry "ESP"]
[SourceTitle "CB06_2024"]
[SourceDate "2024.02.07"]
[SourceVersion "1"]
[SourceVersionDate "2024.02.07"]
[SourceQuality "1"]
[WhiteTeam "Geva CEA"]
[BlackTeam "Platja D'Aro"]
[WhiteTeamCountry "ESP"]
[BlackTeamCountry "ESP"]

1. d4 Nf6 2. c4 e6 3. Nf3 b6 4. a3 Bb7 5. Nc3 Be7 6. g3 d5 7. cxd5 Nxd5 8. Bg2 Nd7 9. 0-0 c5 10. Re1 cxd4 11. Nxd5 Bxd5 12. Nxd4 Bxg2 13. Kxg2 Qc7 14. Be3 Qb7+ 15. f3 0-0 16. Rc1 Ne5 17. Qb3 Rac8 18. Bf2 g6 19. Red1 Rxc1 20. Rxc1 Rc8 21. Rxc8+ Qxc8 22. Nb5 Qd7 23. a4 h5 24. Nc3 Nc6 25. Qc4 Kg7 26. h4 Bf6 1/2-1/2

[Event "Leca da Palmeira 2nd"]
[Site "Leca da Palmeira"]
[Date "2023.08.01"]
[Round "2"]
[White "Khamrakulov, Ibragim S"]
[Black "Tardi, Oscar"]
[Result "1-0"]
[WhiteElo "2413"]
[BlackElo "1771"]
[PlyCount "53"]
[EventDate "2023.07.31"]
[EventType "swiss"]
[EventRounds "9"]
[EventCountry "POR"]
[SourceTitle "CBM 215 Extra"]
[Source "ChessBase"]
[SourceDate "2023.09.30"]
[SourceVersion "1"]
[SourceVersionDate "2023.09.30"]
[SourceQuality "1"]

1. e4 e5 2. Nf3 Nf6 3. Nxe5 d6 4. Nf3 Nxe4 5. d4 d5 6. Bd3 Nc6 7. 0-0 Be7 8. c4 0-0 9. Nc3 Nxc3 10. bxc3 dxc4 11. Bxc4 Bf6 12. Re1 Na5 13. Bd3 Re8 14. Rxe8+ Qxe8 15. Ng5 Bxg5 16. Bxg5 b6 17. Qh5 g6 18. Qh6 Bb7 19. Bf6 Qf8 20. Qf4 Rc8 21. c4 Ba6 22. d5 Qd6 23. Be5 Qe7 24. Bc3 Rf8 25. Re1 Qd8 26. Qh6 f6 27. Bxg6 1-0

[Event "Famalicao op 10th"]
[Site "Vila Nova de Famalicao"]
[Date "2023.07.27"]
[Round "6"]
[White "Khamrakulov, Ibragim S"]
[Black "Almeida, Joao Pedro Dias"]
[Result "1-0"]
[WhiteElo "2413"]
[BlackElo "1827"]
[PlyCount "67"]
[EventDate "2023.07.24"]
[EventType "swiss"]
[EventRounds "9"]
[EventCountry "POR"]
[SourceTitle "EXT 2024"]
[Source "ChessBase"]
[SourceDate "2023.10.10"]
[SourceVersion "1"]
[SourceVersionDate "2023.10.10"]
[SourceQuality "1"]

1. e4 e6 2. d4 d5 3. Nd2 Nc6 4. Ngf3 Nf6 5. e5 Nd7 6. c3 f6 7. exf6 Qxf6 8. Bd3 Bd6 9. Nf1 e5 10. Ne3 e4 11. Nxd5 Qe6 12. Qe2 Qxd5 13. Bxe4 Qe6 14. d5 Qe7 15. dxc6 Nc5 16. cxb7 Bxb7 17. Bxb7 Qxe2+ 18. Kxe2 Nxb7 19. Be3 a5 20. Rhd1 0-0 21. Rd5 Rae8 22. Kf1 Bxh2 23. Rb5 Nd6 24. Rh5 Bf4 25. Bxf4 Rxf4 26. Rxa5 Ne4 27. Kg1 g5 28. Re1 Rb8 29. Re5 g4 30. R5xe4 Rxe4 31. Rxe4 gxf3 32. b4 Ra8 33. Rc4 Rxa2 34. Rxc7 1-0

[Event "Madrid-chT Honor 2223"]
[Site "Madrid"]
[Date "2022.11.27"]
[Round "2.1"]
[White "Vazquez Igarza, Renier"]
[Black "Khamrakulov, Ibragim S"]
[Result "1-0"]
[WhiteElo "2536"]
[BlackElo "2413"]
[PlyCount "89"]
[EventDate "2022.11.20"]
[EventType "team-tourn"]
[EventRounds "14"]
[EventCountry "ESP"]
[SourceTitle "EXT 2024"]
[Source "ChessBase"]
[SourceDate "2023.10.10"]
[SourceVersion "1"]
[SourceVersionDate "2023.10.10"]
[SourceQuality "1"]
[WhiteTeam "Collado Villalba"]
[BlackTeam "Villalba 64"]
[WhiteTeamCountry "ESP"]
[BlackTeamCountry "ESP"]

1. d4 Nf6 2. c4 e6 3. Nf3 Bb4+ 4. Nbd2 c5 5. a3 Bxd2+ 6. Bxd2 cxd4 7. Nxd4 Nc6 8. Nxc6 bxc6 9. e3 Ne4 10. Qg4 Nxd2 11. Qxg7 Rf8 12. Kxd2 Rb8 13. Be2 d5 14. Rhd1 Qd6 15. b4 Qxh2 16. Rh1 Qc7 17. cxd5 cxd5 18. Rac1 Qd6 19. Rxh7 e5 20. Rh5 e4 21. Qe5+ Qxe5 22. Rxe5+ Be6 23. Rc7 Ra8 24. f4 Kd8 25. Rb7 a6 26. a4 Rg8 27. g4 Kc8 28. Rb6 Kc7 29. a5 Rab8 30. Rg5 Rxg5 31. Rxb8 Rxg4 32. Bxg4 Kxb8 33. Be2 Bc8 34. Bh5 f6 35. Kc3 Kc7 36. Kd4 Kd6 37. Be8 Bb7 38. b5 f5 39. b6 Bc8 40. Bf7 Bb7 41. Bg6 Bc8 42. Bh7 Kc6 43. Ke5 d4 44. Kxd4 Kb5 45. Bxf5 1-0

[Event "Santiago de Compostela Bicapawn GP Rap"]
[Site "Santiago de Compostela"]
[Date "2022.10.22"]
[Round "3"]
[White "Khamrakulov, Ibragim S"]
[Black "Jul Perez, Alberto"]
[Result "1-0"]
[WhiteElo "2421"]
[BlackElo "1953"]
[PlyCount "35"]
[EventDate "2022.10.22"]
[EventType "swiss (rapid)"]
[EventRounds "9"]
[EventCountry "ESP"]
[SourceTitle "CBM 210 Extra"]
[Source "ChessBase"]
[SourceDate "2022.11.30"]
[SourceVersion "1"]
[SourceVersionDate "2022.11.30"]
[SourceQuality "1"]

1. e4 c5 2. c3 e6 3. Nf3 Nf6 4. e5 Nd5 5. Bc4 d6 6. d4 Nc6 7. 0-0 Be7 8. Qe2 0-0 9. Qe4 dxe5 10. dxe5 f5 11. exf6 Bxf6 12. Rd1 Nce7 13. Nbd2 Qc7 14. Nf1 Bd7 15. Ng5 Bxg5 16. Bxg5 Rae8 17. Bxe7 Nxe7 18. Rxd7 1-0

[Event "Santiago de Compostela Bicapawn GP Rap"]
[Site "Santiago de Compostela"]
[Date "2022.10.22"]
[Round "2"]
[White "Lema Cundins, Juan Jose"]
[Black "Khamrakulov, Ibragim S"]
[Result "0-1"]
[WhiteElo "1919"]
[BlackElo "2421"]
[PlyCount "66"]
[EventDate "2022.10.22"]
[EventType "swiss (rapid)"]
[EventRounds "9"]
[EventCountry "ESP"]
[SourceTitle "CBM 210 Extra"]
[Source "ChessBase"]
[SourceDate "2022.11.30"]
[SourceVersion "1"]
[SourceVersionDate "2022.11.30"]
[SourceQuality "1"]

1. d4 Nf6 2. Nf3 e6 3. Bg5 h6 4. Bf4 c5 5. e3 Nc6 6. c3 Nh5 7. Bg3 Be7 8. Bd3 0-0 9. Nbd2 d5 10. Be5 Nxe5 11. Nxe5 Nf6 12. g4 Nd7 13. Ndf3 Bf6 14. h4 Bxe5 15. dxe5 f6 16. exf6 Qxf6 17. Be2 Ne5 18. Nxe5 Qxe5 19. Qd2 Qe4 20. f3 Qa4 21. Bd1 Qc6 22. Be2 e5 23. 0-0-0 d4 24. exd4 cxd4 25. g5 h5 26. g6 Bf5 27. Rhg1 Rac8 28. c4 Qxc4+ 29. Bxc4+ Rxc4+ 30. Qc3 dxc3 31. b3 Rd4 32. Rde1 Rd2 33. Rxe5 Rxa2 0-1

[Event "Santiago de Compostela Bicapawn GP Rap"]
[Site "Santiago de Compostela"]
[Date "2022.10.22"]
[Round "8"]
[White "Salgado Lopez, Ivan"]
[Black "Khamrakulov, Ibragim S"]
[Result "1/2-1/2"]
[WhiteElo "2591"]
[BlackElo "2421"]
[PlyCount "85"]
[EventDate "2022.10.22"]
[EventType "swiss (rapid)"]
[EventRounds "9"]
[EventCountry "ESP"]
[SourceTitle "CBM 210 Extra"]
[Source "ChessBase"]
[SourceDate "2022.11.30"]
[SourceVersion "1"]
[SourceVersionDate "2022.11.30"]
[SourceQuality "1"]

1. d4 Nf6 2. Nf3 e6 3. Bg5 h6 4. Bh4 c5 5. e3 Nc6 6. Nbd2 Be7 7. c3 d5 8. Bd3 Nd7 9. Bg3 0-0 10. 0-0 Re8 11. a3 a5 12. Rc1 Bf6 13. Re1 e5 14. e4 dxe4 15. Nxe4 exd4 16. cxd4 Nxd4 17. Nxf6+ Nxf6 18. Rxe8+ Qxe8 19. Nxd4 cxd4 20. Bb1 Bg4 21. Qxd4 Rd8 22. Qe5 Qc6 23. Qe1 Qb5 24. h3 Bf5 25. a4 Qd5 26. Bxf5 Qxf5 27. Qe5 Qxe5 28. Bxe5 Nd5 29. Rd1 Rd7 30. Bc7 b6 31. Bg3 f6 32. Rc1 Kf7 33. Rc6 Rb7 34. Kf1 Ne7 35. Rc7 Rxc7 36. Bxc7 Nd5 37. Bg3 Ke6 38. Ke2 Ne7 39. Bc7 Nd5 40. Bg3 Ne7 41. Bc7 Nd5 42. Bg3 Ne7 43. Bc7 1/2-1/2

[Event "Santiago de Compostela Bicapawn GP B4"]
[Site "Santiago de Compostela"]
[Date "2022.10.21"]
[Round "4"]
[White "Khamrakulov, Ibragim S"]
[Black "Fernandez Garcia, Gumersindo"]
[Result "0-1"]
[WhiteElo "2421"]
[BlackElo "2172"]
[PlyCount "112"]
[EventDate "2022.10.21"]
[EventType "swiss (blitz)"]
[EventRounds "9"]
[EventCountry "ESP"]
[SourceTitle "CBM 210 Extra"]
[Source "ChessBase"]
[SourceDate "2022.11.30"]
[SourceVersion "1"]
[SourceVersionDate "2022.11.30"]
[SourceQuality "1"]

1. e4 c5 2. c3 g6 3. d4 cxd4 4. cxd4 d5 5. exd5 Nf6 6. Nc3 Bg7 7. Bc4 0-0 8. Nf3 Nbd7 9. 0-0 Nb6 10. Qb3 Bf5 11. Bd2 Rc8 12. Be2 Nfxd5 13. Ne5 Be6 14. Qd1 Nf6 15. Bg5 Nfd7 16. Nf3 h6 17. Bh4 Nf6 18. Re1 Nc4 19. Na4 b6 20. Rc1 Nd6 21. b3 Nd5 22. Ne5 Nf5 23. Rxc8 Qxc8 24. Bg3 Nxg3 25. hxg3 Nc3 26. Nxc3 Qxc3 27. Bc4 Bxc4 28. bxc4 Rd8 29. Nc6 Rd7 30. Nxe7+ Kh7 31. d5 Qxc4 32. Qf3 Qb4 33. Qe3 Bf6 34. Nc6 Qc3 35. Qe8 Kg7 36. Qxd7 Qxe1+ 37. Kh2 Qxf2 38. d6 h5 39. Qc8 h4 40. Qg4 hxg3+ 41. Qxg3 Qc2 42. Qf3 Qd2 43. Qg3 Qc2 44. Nxa7 Qe2 45. d7 Be5 46. d8Q Qh5+ 47. Kg1 Bxg3 48. Qd4+ Be5 49. Qd2 Qf5 50. Nc6 Bf6 51. Qe2 Qc5+ 52. Kh2 Qxc6 53. Qd3 Qc5 54. Kh3 Qh5+ 55. Kg3 Qe5+ 56. Kh3 Qf5+ 0-1

[Event "Santiago de Compostela Bicapawn GP B3"]
[Site "Santiago de Compostela"]
[Date "2022.10.20"]
[Round "3"]
[White "Iturrizaga Bonelli, Eduardo"]
[Black "Khamrakulov, Ibragim S"]
[Result "0-1"]
[WhiteElo "2629"]
[BlackElo "2421"]
[PlyCount "96"]
[EventDate "2022.10.20"]
[EventType "swiss (blitz)"]
[EventRounds "9"]
[EventCountry "ESP"]
[SourceTitle "CBM 210 Extra"]
[Source "ChessBase"]
[SourceDate "2022.11.30"]
[SourceVersion "1"]
[SourceVersionDate "2022.11.30"]
[SourceQuality "1"]

1. c4 c5 2. Nf3 Nc6 3. Nc3 Nf6 4. d4 d5 5. e3 e6 6. a3 cxd4 7. exd4 Be7 8. c5 a5 9. Na4 Nd7 10. Bb5 0-0 11. 0-0 Qc7 12. Re1 b6 13. Bf4 Qb7 14. cxb6 Nxb6 15. Rc1 Bd7 16. Nc5 Bxc5 17. dxc5 Nc8 18. Bxc6 Bxc6 19. Nd4 Na7 20. Re3 Nb5 21. Rb3 a4 22. Rb4 Qd7 23. Nxb5 Bxb5 24. Bd6 Rfc8 25. Rc3 Bc4 26. h4 f6 27. h5 h6 28. Rg3 e5 29. Qd2 Kh8 30. f4 e4 31. Qd4 Qf7 32. Rg6 Rc6 33. g4 Re8 34. Kf2 e3+ 35. Ke1 Re4 36. Rb8+ Kh7 37. Qc3 Rxd6 38. cxd6 d4 39. d7 Rxf4 40. Rh8+ Kxh8 41. d8Q+ Kh7 42. Rxh6+ gxh6 43. Qc2+ d3 44. Qg2 d2+ 45. Kd1 Rf1+ 46. Kc2 d1Q+ 47. Qxd1 Bb3+ 48. Kc3 Qc4# 0-1

[Event "Santiago de Compostela Bicapawn GP B2"]
[Site "Santiago de Compostela"]
[Date "2022.10.20"]
[Round "5"]
[White "Khamrakulov, Ibragim S"]
[Black "Cordido Sixto, Pablo"]
[Result "1-0"]
[WhiteElo "2421"]
[BlackElo "1917"]
[PlyCount "57"]
[EventDate "2022.10.20"]
[EventType "swiss (blitz)"]
[EventRounds "9"]
[EventCountry "ESP"]
[SourceTitle "CBM 210 Extra"]
[Source "ChessBase"]
[SourceDate "2022.11.30"]
[SourceVersion "1"]
[SourceVersionDate "2022.11.30"]
[SourceQuality "1"]

1. e4 c5 2. Nf3 e6 3. c3 d5 4. exd5 exd5 5. d4 Nf6 6. Bd3 Nc6 7. 0-0 Be7 8. dxc5 Bxc5 9. Re1+ Be7 10. h3 0-0 11. Be3 Qc7 12. Nbd2 Be6 13. Nb3 h6 14. Nbd4 Nxd4 15. Nxd4 Bd7 16. Qf3 Bd6 17. Bxh6 Rae8 18. Bg5 Ne4 19. Bxe4 dxe4 20. Rxe4 Bc6 21. Nxc6 Qxc6 22. Rxe8 Rxe8 23. Qxc6 bxc6 24. Be3 a6 25. Rd1 Re6 26. g4 g6 27. Rd4 Bc5 28. Rd8+ Bf8 29. Bc5 1-0

[Event "Santiago de Compostela Bicapawn GP B2"]
[Site "Santiago de Compostela"]
[Date "2022.10.20"]
[Round "8"]
[White "Khamrakulov, Ibragim S"]
[Black "Iturrizaga Bonelli, Eduardo"]
[Result "0-1"]
[WhiteElo "2421"]
[BlackElo "2629"]
[PlyCount "74"]
[EventDate "2022.10.20"]
[EventType "swiss (blitz)"]
[EventRounds "9"]
[EventCountry "ESP"]
[SourceTitle "CBM 210 Extra"]
[Source "ChessBase"]
[SourceDate "2022.11.30"]
[SourceVersion "1"]
[SourceVersionDate "2022.11.30"]
[SourceQuality "1"]

1. d4 Nf6 2. Bf4 d5 3. e3 e6 4. Nd2 Bd6 5. Bg3 0-0 6. Bd3 b6 7. e4 dxe4 8. Nxe4 Ba6 9. Nxf6+ Qxf6 10. Be4 Nd7 11. Bxa8 Rxa8 12. Qf3 Qxf3 13. Nxf3 Nf6 14. Nd2 Bf8 15. 0-0-0 Rc8 16. Rhe1 Nd5 17. a3 Ne7 18. Nf3 Bb7 19. c4 a6 20. Kc2 b5 21. b3 Nf5 22. a4 bxc4 23. bxc4 Bc6 24. Kc3 a5 25. c5 Ne7 26. Ne5 Bxg2 27. Rb1 Nd5+ 28. Kc4 Nb4 29. Rb2 Bd5+ 30. Kc3 f6 31. Nd3 Nxd3 32. Kxd3 e5 33. Rb5 Bc6 34. Rxa5 Rd8 35. Kc3 Rxd4 36. Rb1 Bxa4 37. Rb4 Rxb4 0-1

[Event "Santiago de Compostela Bicapawn GP B3"]
[Site "Santiago de Compostela"]
[Date "2022.10.20"]
[Round "2"]
[White "Khamrakulov, Ibragim S"]
[Black "Jul Perez, Alberto"]
[Result "1-0"]
[WhiteElo "2421"]
[BlackElo "1953"]
[PlyCount "69"]
[EventDate "2022.10.20"]
[EventType "swiss (blitz)"]
[EventRounds "9"]
[EventCountry "ESP"]
[SourceTitle "CBM 210 Extra"]
[Source "ChessBase"]
[SourceDate "2022.11.30"]
[SourceVersion "1"]
[SourceVersionDate "2022.11.30"]
[SourceQuality "1"]

1. e4 c5 2. c3 e6 3. Nf3 Nf6 4. e5 Nd5 5. Bc4 d6 6. d4 Nc6 7. 0-0 Be7 8. Qe2 0-0 9. Qe4 Nb6 10. Bd3 g6 11. exd6 Qxd6 12. dxc5 Qxc5 13. Nbd2 f5 14. Qe2 e5 15. Nb3 Qd6 16. Rd1 Qc7 17. Bh6 Re8 18. Bc4+ Kh8 19. Bf7 e4 20. Bxe8 exf3 21. Qe3 Nc4 22. Qf4 N6e5 23. Nd4 Bd6 24. Nb5 Qe7 25. Nxd6 Nxd6 26. Bg5 Qxe8 27. Bf6+ Kg8 28. Bxe5 Ne4 29. Bd4 g5 30. Qxf3 Bd7 31. Re1 Qg6 32. Qd3 Bc6 33. f3 Nd6 34. Be5 Bb5 35. Qxd6 1-0

[Event "Santiago de Compostela Bicapawn GP B3"]
[Site "Santiago de Compostela"]
[Date "2022.10.20"]
[Round "4"]
[White "Khamrakulov, Ibragim S"]
[Black "Salgado Lopez, Ivan"]
[Result "0-1"]
[WhiteElo "2421"]
[BlackElo "2591"]
[PlyCount "40"]
[EventDate "2022.10.20"]
[EventType "swiss (blitz)"]
[EventRounds "9"]
[EventCountry "ESP"]
[SourceTitle "CBM 210 Extra"]
[Source "ChessBase"]
[SourceDate "2022.11.30"]
[SourceVersion "1"]
[SourceVersionDate "2022.11.30"]
[SourceQuality "1"]

1. e4 c6 2. d4 d5 3. exd5 cxd5 4. c4 e6 5. Nc3 Nf6 6. Nf3 dxc4 7. Bxc4 Be7 8. 0-0 0-0 9. Re1 Nc6 10. a3 b6 11. Bg5 h6 12. Bh4 Bb7 13. Qd3 Nh5 14. Bxe7 Nxe7 15. Ne5 Nf4 16. Qg3 Nxg2 17. Re4 Bxe4 18. Nxe4 Qxd4 19. Nxf7 Rxf7 20. Qxg2 Qxc4 0-1

[Event "Santiago de Compostela Bicapawn GP B2"]
[Site "Santiago de Compostela"]
[Date "2022.10.20"]
[Round "7"]
[White "Vega Gutierrez, Sabrina Neide"]
[Black "Khamrakulov, Ibragim S"]
[Result "0-1"]
[WhiteElo "2361"]
[BlackElo "2421"]
[PlyCount "56"]
[EventDate "2022.10.20"]
[EventType "swiss (blitz)"]
[EventRounds "9"]
[EventCountry "ESP"]
[SourceTitle "CBM 210 Extra"]
[Source "ChessBase"]
[SourceDate "2022.11.30"]
[SourceVersion "1"]
[SourceVersionDate "2022.11.30"]
[SourceQuality "1"]

1. e4 e5 2. Bc4 Nc6 3. Nc3 Nf6 4. d3 h6 5. f4 Bb4 6. Nf3 d5 7. exd5 Nxd5 8. 0-0 Nxc3 9. bxc3 Bxc3 10. Ba3 Bxa1 11. Qxa1 Be6 12. Bb5 Qd5 13. Bxc6+ Qxc6 14. f5 Bxf5 15. Qxe5+ Be6 16. Nd4 Qd5 17. Qe3 0-0-0 18. Bb2 Bd7 19. c4 Qh5 20. Qg3 Rhe8 21. h3 a6 22. Rf4 g5 23. Rf6 Qd1+ 24. Kh2 Re1 25. Qf2 Rh1+ 26. Kg3 Qxd3+ 27. Rf3 Qe4 28. Re3 Qh4+ 0-1

[Event "ESP-chT CECLUB Div2"]
[Site "Linares"]
[Date "2022.08.25"]
[Round "5.2"]
[White "Plazuelo Pascual, Juan"]
[Black "Khamrakulov, Ibragim S"]
[Result "1-0"]
[WhiteElo "2441"]
[BlackElo "2420"]
[PlyCount "75"]
[EventDate "2022.08.22"]
[EventType "team-swiss"]
[EventRounds "7"]
[EventCountry "ESP"]
[SourceTitle "CBM 209 Extra"]
[Source "ChessBase"]
[SourceDate "2022.09.30"]
[SourceVersion "1"]
[SourceVersionDate "2022.09.30"]
[SourceQuality "1"]
[WhiteTeam "Diagonal Alcorcon"]
[BlackTeam "Villalba 64 Miscasa"]
[WhiteTeamCountry "ESP"]
[BlackTeamCountry "ESP"]

1. e4 c5 2. Nf3 e6 3. d4 cxd4 4. Nxd4 a6 5. Bd3 Nf6 6. 0-0 Qc7 7. Qe2 d6 8. c4 g6 9. f4 Bg7 10. Be3 Nc6 11. Nxc6 bxc6 12. Nc3 c5 13. a3 Rb8 14. Rab1 0-0 15. b4 cxb4 16. axb4 Ng4 17. Bd2 Rxb4 18. Qxg4 d5 19. e5 dxc4 20. Bc2 Rd8 21. Qe2 Bf8 22. Ne4 c3 23. Rxb4 Bxb4 24. Be3 Bb7 25. Nf6+ Kg7 26. Qf2 Qc4 27. Qh4 Qe2 28. Nh5+ gxh5 29. Qg5+ Kf8 30. Qxd8+ Kg7 31. Qg5+ Kf8 32. f5 Be7 33. f6 Bb4 34. Qg7+ Ke8 35. Ba4+ Kd8 36. Bb6+ Kc8 37. Qg8+ Bf8 38. Qxf8# 1-0

[Event "Madrid-chT Honor 2122"]
[Site "Madrid"]
[Date "2022.03.06"]
[Round "12.1"]
[White "Reyes Larena, Juan"]
[Black "Khamrakulov, Ibragim S"]
[Result "1/2-1/2"]
[WhiteElo "2445"]
[BlackElo "2423"]
[PlyCount "23"]
[EventDate "2021.11.27"]
[EventType "team-tourn"]
[EventRounds "14"]
[EventCountry "ESP"]
[SourceTitle "EXT 2024"]
[Source "ChessBase"]
[SourceDate "2023.10.10"]
[SourceVersion "1"]
[SourceVersionDate "2023.10.10"]
[SourceQuality "1"]
[WhiteTeam "San Sebastian de los Reyes"]
[BlackTeam "Villalba 64"]
[WhiteTeamCountry "ESP"]
[BlackTeamCountry "ESP"]

1. e4 c5 2. Nf3 e6 3. d3 Nc6 4. g3 Nge7 5. Bg2 g6 6. c3 Bg7 7. 0-0 e5 8. a3 a5 9. a4 d5 10. Na3 0-0 11. exd5 Nxd5 12. Re1 1/2-1/2

[Event "Madrid-chT Honor 2122"]
[Site "Madrid"]
[Date "2022.02.20"]
[Round "10.2"]
[White "Khamrakulov, Ibragim S"]
[Black "Taboas Rodriguez, Daniel"]
[Result "1-0"]
[WhiteElo "2423"]
[BlackElo "2367"]
[PlyCount "53"]
[EventDate "2021.11.27"]
[EventType "team-tourn"]
[EventRounds "14"]
[EventCountry "ESP"]
[SourceTitle "EXT 2024"]
[Source "ChessBase"]
[SourceDate "2023.10.10"]
[SourceVersion "1"]
[SourceVersionDate "2023.10.10"]
[SourceQuality "1"]
[WhiteTeam "Villalba 64"]
[BlackTeam "Blanco y Negro"]
[WhiteTeamCountry "ESP"]
[BlackTeamCountry "ESP"]

1. e4 e6 2. d4 d5 3. Nd2 Nc6 4. Ngf3 Nf6 5. e5 Ne4 6. Bd3 Nxd2 7. Bxd2 Nb4 8. Be2 c5 9. 0-0 Bd7 10. c4 dxc4 11. Bxc4 b5 12. dxc5 Bxc5 13. Bb3 0-0 14. Rc1 Be7 15. Be3 a5 16. a3 Nc6 17. Qd3 Be8 18. Qe4 Na7 19. Bc2 g6 20. Bh6 Bc6 21. Qf4 Re8 22. Rfd1 Qc7 23. Ng5 Bf8 24. Bxf8 Rxf8 25. Rd6 Rad8 26. Qh4 h5 27. Bxg6 1-0

[Event "Madrid-chT Honor 2122"]
[Site "Madrid"]
[Date "2022.02.12"]
[Round "9.2"]
[White "Pulvett Marin, Daniel Eduardo"]
[Black "Khamrakulov, Ibragim S"]
[Result "1/2-1/2"]
[WhiteElo "2498"]
[BlackElo "2423"]
[PlyCount "51"]
[EventDate "2021.11.27"]
[EventType "team-tourn"]
[EventRounds "14"]
[EventCountry "ESP"]
[SourceTitle "EXT 2024"]
[Source "ChessBase"]
[SourceDate "2023.10.10"]
[SourceVersion "1"]
[SourceVersionDate "2023.10.10"]
[SourceQuality "1"]
[WhiteTeam "Collado Villalba"]
[BlackTeam "Villalba 64"]
[WhiteTeamCountry "ESP"]
[BlackTeamCountry "ESP"]

1. d4 Nf6 2. c4 e6 3. Nf3 b6 4. g3 Bb4+ 5. Bd2 a5 6. Bg2 Bb7 7. 0-0 0-0 8. Bf4 Be7 9. Nc3 d5 10. Ne5 Nbd7 11. Qa4 Nxe5 12. dxe5 Nh5 13. cxd5 exd5 14. Nxd5 Bxd5 15. Rad1 c6 16. e4 b5 17. Qc2 Nxf4 18. gxf4 Rc8 19. Rd3 Qb6 20. exd5 cxd5 21. Qd2 Bb4 22. Qd1 Rc4 23. f5 Rf4 24. Qh5 g6 25. Rg3 Qd4 26. fxg6 1/2-1/2